1-100 In Order Quiz Stats

 Plays Quiz not verified by Sporcle

Score 0/100 Timer 04:00
4 Plays Today
% Correct
???
93.6%
???
91.3%
???
91%
???
90.2%
???
88.9%
???
87.8%
???
87.6%
???
87.1%
???
87.1%
???
86.1%
???
85%
???
84.8%
???
84.8%
???
84.5%
???
83.6%
???
82.7%
???
82.6%
???
81.3%
???
80.5%
???
79.1%
???
78.7%
???
77.2%
???
77.1%
???
75.9%
???
75.5%
???
75.4%
???
74.7%
???
74.6%
???
73.9%
???
73.6%
???
72.7%
???
72.3%
???
71.4%
???
70%
% Correct
???
69.9%
???
68.3%
???
67.3%
???
67.3%
???
66.4%
???
66.1%
???
65.7%
???
65.5%
???
64.1%
???
63.3%
???
63.2%
???
61%
???
59.5%
???
58.9%
???
57.5%
???
56.6%
???
55.3%
???
55%
???
52.3%
???
52.1%
???
51.7%
???
50%
???
49.1%
???
45.8%
???
45.5%
???
45%
???
43.2%
???
41.9%
???
40.7%
???
40.2%
???
39.6%
???
38.7%
???
37.4%
???
36.5%
% Correct
???
36.1%
???
35.8%
???
35.6%
???
35.2%
???
34.2%
???
34%
???
32.8%
???
31.9%
???
31.8%
???
31.7%
???
27.7%
???
27.5%
???
27.4%
???
27.1%
???
26.5%
???
26.2%
???
25.7%
???
25%
???
24.9%
???
24.1%
???
24%
???
23.8%
???
23.6%
???
23.4%
???
23.3%
???
23.3%
???
23.1%
???
23.1%
???
22.5%
???
22.2%
???
21.8%
???
21.5%

You're not logged in!

Compare scores with friends on all Sporcle quizzes.
OR
Log In

Show Comments

Extras

Created Apr 9, 2019ReportNominate
Tags:Clickable Quiz, 1-100, order

Top Quizzes Today


Score Distribution

Your Account Isn't Verified!

In order to create a playlist on Sporcle, you need to verify the email address you used during registration. Go to your Sporcle Settings to finish the process.

Report this User

Report this user for behavior that violates our Community Guidelines.

Details: